| 000 | 00937nam a2200241 a 4500 | ||
|---|---|---|---|
| 001 | 85457 | ||
| 003 | BD-RjUL | ||
| 005 | 20250806171639.0 | ||
| 008 | 250806s2024 bg a|||| m||| 00| 0 eng d | ||
| 035 | _a(BD-RjUL)85457 | ||
| 040 |
_aBD-RjUL _beng _cBD-RjUL _dBD-RjUL |
||
| 041 | _aeng | ||
| 082 |
_223 _a633.18 _bZAV 2024 |
||
| 100 |
_aZaman, Toyfiquz _916493 |
||
| 245 | 1 | 0 |
_aIn vitro development of salt and heat stress tolerance in rice (oryza satival L.) / _cBy Toyfiquz, Zaman ; _6Supervisor : S. M. Shahinul Islam |
| 260 |
_aRajshahi : _bInstitute of Biological Sciences, University of Rajshahi, _c2024 |
||
| 300 |
_axiii, 84 leaves : _bill, ; _c29.cm. |
||
| 502 | _aThesis (M.Phil.) -- Institute of Biological Sciences, University of Rajshahi, 2024 | ||
| 504 | _aReferences ; Leaves 70 - 84 | ||
| 650 |
_aRice _vVitro development _xBiotechnology _916494 |
||
| 700 |
_aIslam, S. M. Shahinul, Supervisor _98067 |
||
| 942 |
_2ddc _cTHE |
||
| 999 |
_c85457 _d85457 |
||